Obec v pozícii zamestnávateľa v legislatíve Slovenskej republiky
Právny pohľad na niektoré problematické zákonné ustanovenia pracovného pomeru hlavného kontrolóra obce. Predmetom skúmania je aj zapájanie sa obcí do podporných programov zamestnávania nezamestnaných občanov cestou menších obecných služieb a prepojenie tohto inštitútu s poskytovaním dávky v hmotnej...
Saved in:
| Main Author: | |
|---|---|
| Other Authors: | |
| Format: | Book Chapter |
| Language: | Slovak |
| Subjects: | |
| Tags: |
No Tags, Be the first to tag this record!
|
MARC
| LEADER | 00000nla a2200000 4500 | ||
|---|---|---|---|
| 001 | 0246945 | ||
| 005 | 20240417075143.2 | ||
| 041 | 0 | |a slo | |
| 044 | |a CZ | ||
| 245 | 1 | 0 | |a Obec v pozícii zamestnávateľa v legislatíve Slovenskej republiky |c Vladimíra Žofčinová, Rastislav Král |
| 520 | |a Právny pohľad na niektoré problematické zákonné ustanovenia pracovného pomeru hlavného kontrolóra obce. Predmetom skúmania je aj zapájanie sa obcí do podporných programov zamestnávania nezamestnaných občanov cestou menších obecných služieb a prepojenie tohto inštitútu s poskytovaním dávky v hmotnej núdzi. | ||
| 610 | 2 | 0 | |a obce |
| 610 | 2 | 0 | |a samospráva |
| 610 | 2 | 0 | |a zamestnávatelia |
| 610 | 2 | 0 | |a pomer pracovný |
| 610 | 2 | 0 | |a programy rozvojové |
| 610 | 2 | 0 | |a úpravy právne |
| 610 | 2 | 0 | |a legislatíva |
| 610 | 2 | 0 | |a zákony |
| 100 | 1 | |a Žofčinová, Vladimíra | |
| 700 | 1 | |a Král, Rastislav | |